000 00631nam a22002057a 4500
005 20240809131230.0
010 _aENG-135827
020 _a9783598218460
_c11210.00
035 _aEN-119359
037 _bDBAD
082 _a025.4
100 _aSaur, K.G
_969836
245 _aInternational newspaper librarainship for the 21st Century/
_cBy K.G. Saur and edited by Walravens Hartmut
260 _bIFLA
_c2006
_aNetherlands
270 _aHague
_bNetherlands
300 v _a298p.
_bBibliographic
_c22cm(Hb)
500 _aIncludes index
700 _aHartmut, Walravens
_969837
942 _2ddc
_cEN
_mSAU
_h025.4
999 _c194233
_d194233